00240nam a2200109Ia 4500008004100000082001300041100001500054245001900069250000800088260002600096300000800122150301s2007 xx 000 0 und d a647bSIN aSINGH, D.K aTB. OF TOURISM a1ST bAMAN PUB. DELHIc2007 a302